000 00550nam a2200205Ia 4500
005 20250923145346.0
008 008 250917s9999 xx 000 0 eng d
037 _aTextual
040 _aDSWL
_beng
_cDSWL
041 _aeng
_2eng
084 _aY:4:6, N75
_qDSWL
100 _aWatkins, C.Ken
_9834456
245 0 _aSocial control
_c by C.Ken Watkins
260 _aLondon
_bLongman
_c1975
300 _avi,154p.
365 _aINR
_b27 . 20
925 _g27 . 20
942 _cTEXL
_hY:4:6, N75
999 _c1450418
_d1450418